000 00484nam a22001817a 4500
999 _c131392
_d131392
005 20230821095131.0
008 230821b ||||| |||| 00| 0 eng d
020 _a9694429501
040 _cPK-LaUMT
082 _a891.4393
_bRAZ-S
100 _aRazia Butt = رضیہ بٹ
245 _aSabeen = سبین /
_cby Razia Butt = رضیہ بٹ
260 _aLahore :
_bMaqbool Acdemy,
_c1998
300 _a268 p.
650 _aUrdu literature
650 _aUrdu fiction
942 _cBK